Fundamentos de informática

Guardado en:
Detalles Bibliográficos
Autores principales: Virgós Bel, Ferran (Autor), Segura Casanovas, Joan (Autor)
Formato: Libro
Lenguaje:español
Publicado: Madrid McGraw-Hill Interamericana de España, S.A.U 2008
Edición:1a. ed
Materias:
Etiquetas: Agregar Etiqueta
Sin Etiquetas, Sea el primero en etiquetar este registro!

MARC

LEADER 00000nam a2200000 a 4500
001 UCG3173
003 CL-VaPUC
008 100812e20080000SP |||||||||||||||||spa|d
020 |a 9788448167479 
082 0 4 |a 004  |b VIR  |2 21 
100 0 |a Virgós Bel, Ferran  |e author  |9 552094 
700 0 |a Segura Casanovas, Joan  |e author  |9 552095 
245 1 0 |a Fundamentos de informática 
250 |a 1a. ed 
300 |a 421 p 
942 |c BK 
945 |d 20100812 00:00:00  |a mfarfan 
260 |a Madrid  |b McGraw-Hill Interamericana de España, S.A.U  |c 2008 
650 0 |a Informática   |9 260044 
650 7 |a HARDWARE  |2 CL-VaPUC  |9 345461 
650 0 |a Algoritmos   |9 260639 
650 0 |a Software  |9 387312 
583 |a last modification  |c 20100812 00:00:00  |k Rodrigo Vera 
999 |c 342257  |d 342255 
952 |0 0  |1 0  |4 0  |6 004_000000000000000_VIR_2008  |7 0  |8 A  |9 438354  |a BIBING  |b BIBING  |d 2019-11-22  |i 4707109  |l 1  |o 004 VIR 2008  |p 4707109  |r 2024-01-25  |s 2022-03-10  |w 2019-11-22  |y BK  |k ING